<?xml version="1.0" encoding="UTF-8"?>
<record
    xmlns:xsi="http://www.w3.org/2001/XMLSchema-instance"
    xsi:schemaLocation="http://www.loc.gov/MARC21/slim http://www.loc.gov/standards/marcxml/schema/MARC21slim.xsd"
    xmlns="http://www.loc.gov/MARC21/slim">

  <leader>01574naa a2200265 i 4500</leader>
  <controlfield tag="001">BPP</controlfield>
  <controlfield tag="003">BPK</controlfield>
  <controlfield tag="005">20180502104331.0</controlfield>
  <controlfield tag="008">151124s2001    pl     f     |100 0 eng</controlfield>
  <datafield tag="040" ind1=" " ind2=" ">
    <subfield code="c">BPK</subfield>
  </datafield>
  <datafield tag="041" ind1=" " ind2=" ">
    <subfield code="a">eng</subfield>
  </datafield>
  <datafield tag="044" ind1=" " ind2=" ">
    <subfield code="a">POL</subfield>
  </datafield>
  <datafield tag="080" ind1=" " ind2=" ">
    <subfield code="a">004.021</subfield>
  </datafield>
  <datafield tag="100" ind1=" " ind2=" ">
    <subfield code="a">DRABAREK, J&#xF3;zef.</subfield>
    <subfield code="d">1997 - .</subfield>
    <subfield code="b">Politechnika Koszali&#x144;ska - Wydzia&#x142; Elektroniki,</subfield>
    <subfield code="c">Katedra System&#xF3;w Cyfrowego Przetwarzania Sygna&#x142;&#xF3;w</subfield>
  </datafield>
  <datafield tag="245" ind1=" " ind2=" ">
    <subfield code="a">Genetic algorithm applied to generate new rules for an expert system /</subfield>
    <subfield code="c">J&#xF3;zef Drabarek, Robert Wirski.</subfield>
  </datafield>
  <datafield tag="260" ind1=" " ind2=" ">
    <subfield code="c">2001.</subfield>
  </datafield>
  <datafield tag="500" ind1=" " ind2=" ">
    <subfield code="a">sprawozdanie jednostki (Informator o publikowanych wynikach prac naukowo-badawczych w 2001 roku Wydzia&#x142;u Elektroniki).</subfield>
  </datafield>
  <datafield tag="520" ind1=" " ind2=" ">
    <subfield code="a">The paper presents a genetic algorithm applied to generate new rules for an expert system. The knowledge representation language adapted to genetic expert system is given. The genetic algorithm as the block diagram is given, and the heuristic fitness function as a Matlab m-file is presented and discussed. The genetic algorithm simulation results for radar set transmitter are presented.</subfield>
  </datafield>
  <datafield tag="650" ind1=" " ind2="0">
    <subfield code="a">Algorytmy genetyczne.</subfield>
  </datafield>
  <datafield tag="655" ind1=" " ind2="0">
    <subfield code="a">Materia&#x142;y konferencyjne.</subfield>
  </datafield>
  <datafield tag="700" ind1=" " ind2=" ">
    <subfield code="a">WIRSKI, Robert.</subfield>
    <subfield code="d">1996 - .</subfield>
    <subfield code="b">Politechnika Koszali&#x144;ska - Wydzia&#x142; Elektroniki,</subfield>
    <subfield code="c">Katedra System&#xF3;w Cyfrowego Przetwarzania Sygna&#x142;&#xF3;w</subfield>
  </datafield>
  <datafield tag="711" ind1=" " ind2=" ">
    <subfield code="a">International Conference on Signals and Electronic Systems ICSES'2001</subfield>
    <subfield code="d">(2001 ;</subfield>
    <subfield code="c">&#x141;&#xF3;d&#x17A;, Polska).</subfield>
    <subfield code="p">ICSES'2002</subfield>
  </datafield>
  <datafield tag="773" ind1=" " ind2=" ">
    <subfield code="i">W : </subfield>
    <subfield code="t">Proc.of International Conference ICSES. -</subfield>
    <subfield code="d">&#x141;&#xF3;d&#x17A; 2001. -</subfield>
    <subfield code="g">s. 451-456</subfield>
  </datafield>
  <datafield tag="942" ind1=" " ind2=" ">
    <subfield code="c">ART</subfield>
    <subfield code="2">UKD</subfield>
  </datafield>
  <datafield tag="999" ind1=" " ind2=" ">
    <subfield code="c">75</subfield>
    <subfield code="d">75</subfield>
  </datafield>
</record>
